5 plus grandes villes par pays d'Europe (Version Complète) - Statistiques

Statistiques générales
  • Ce quiz a été pris 1 400 fois
    1 377 depuis la dernière actualisation
  • Le résultat moyen est 87 sur 222
Statistiques - réponses
Population Ville % Correct
Allemagne 3,613,495 Berlin
97%
Grèce 664,046 Athènes
95%
Pays-Bas 1,027,860 Amsterdam
94%
Belgique 179,277 Bruxelles
93%
Irlande 533,165 Dublin
93%
Portugal 552,700 Lisbonne
93%
Italie 2,872,800 Rome
93%
Autriche 1,898,000 Vienne
93%
Italie 1,366,180 Milan
92%
Monténégro 13,503 Bar
91%
Royaume-Uni 8,869,898 Londres
91%
Espagne 3,223,334 Madrid
91%
France 862,211 Marseille
91%
Allemagne 1,456,039 Munich
91%
France 2,190,327 Paris
91%
Pologne 1,764,615 Varsovie
91%
Espagne 1,620,343 Barcelone
90%
Hongrie 1,749,734 Budapest
90%
France 515,695 Lyon
90%
Russie 12,342,615 Moscou
90%
Portugal 237,591 Porto
90%
Italie 966,144 Naples
89%
Roumanie 1,883,425 Bucarest
88%
Luxembourg 119,215 Luxembourg
87%
République tchèque 1,294,513 Prague
87%
Pays-Bas 798,015 Rotterdam
87%
Russie 5,351,935 Saint-Pétersbourg
87%
Croatie 688,163 Zagreb
87%
Andorre 19,829 Andorre-la-Vieille
86%
Danemark 1,308,893 Copenhague
86%
Monaco 37,308 Monaco
86%
Norvège 681,071 Oslo
86%
Bulgarie 1,238,438 Sofia
86%
Italie 882,523 Turin
86%
Suisse 133,791 Berne
85%
Allemagne 1,830,584 Hambourg
85%
Ukraine 2,934,522 Kiev
85%
Albanie 418,495 Tirana
85%
Finlande 648,042 Helsinki
84%
Biélorussie 1,992,685 Minsk
83%
France 342,637 Nice
83%
Islande 222,776 Reykjavik
83%
Espagne 688,711 Séville
83%
Suède 962,154 Stockholm
83%
France 475,438 Toulouse
83%
Suisse 201,741 Genève
82%
Royaume-Uni 571,733 Liverpool
82%
Vatican 832 Vatican
82%
Lettonie 637,971 Riga
81%
Espagne 791,413 Valence
81%
Suisse 415,215 Zurich
81%
Pologne 767,348 Cracovie
80%
Bosnie-Herzégovine 348,363 Sarajevo
80%
Saint-Marin 2,294 Saint-Marin
79%
Serbie 1,166,793 Belgrade
78%
Allemagne 746,878 Francfort
78%
Estonie 430,805 Tallinn
78%
Lituanie 540,919 Vilnius
78%
Belgique 523,248 Anvers
77%
Slovaquie 429,564 Bratislava
77%
Chypre 55,014 Nicosie
76%
Royaume-Uni 1,140,754 Birmingham
75%
Allemagne 1,080,394 Cologne
75%
Belgique 197,355 Liège
75%
Liechtenstein 5,625 Vaduz
75%
Slovénie 280,940 Ljubljana
72%
Macédoine du Nord 507,500 Skopje
71%
Pays-Bas 753,010 La Haye
69%
Moldavie 532,513 Chișinău
68%
Kosovo 145,149 Pristina
67%
Suisse 172,197 Bâle
66%
Royaume-Uni 612,040 Glasgow
66%
Italie 668,405 Palerme
66%
Suisse 139,056 Lausanne
65%
Autriche 254,228 Salzbourg
65%
Grèce 322,240 Thessalonique
65%
Suède 339,313 Malmö
61%
Monténégro 150,997 Podgorica
61%
Croatie 167,121 Split
59%
Belgique 201,816 Charleroi
58%
Irlande 125,622 Cork
57%
Belgique 260,341 Gand
53%
Suède 571,868 Göteborg
51%
Ukraine 1,450,082 Kharkiv
50%
Ukraine 918,917 Donetsk
49%
Pays-Bas 345,960 Utrecht
49%
Ukraine 1,011,494 Odessa
48%
Norvège 281,190 Bergen
46%
Pays-Bas 285,355 Eindhoven
45%
Pologne 690,422 Lodz
44%
Espagne 666,880 Saragosse
44%
Autriche 288,669 Graz
43%
Autriche 132,164 Innsbruck
42%
République tchèque 379,527 Brno
38%
Roumanie 324,576 Cluj-Napoca
37%
Autriche 205,732 Linz
37%
Russie 1,259,013 Nijni Novgorod
37%
Grèce 140,730 Héraklion
34%
Lituanie 286,763 Kaunas
34%
Royaume-Uni 567,111 Bristol
33%
Pologne 638,586 Wrocław
33%
Danemark 273,077 Aarhus
32%
Russie 1,468,833 Iekaterinbourg
32%
Pologne 538,633 Poznań
32%
Irlande 79,504 Galway
31%
Ukraine 1,000,506 Dnipro
30%
Danemark 114,194 Aalborg
26%
Portugal 136,885 Coimbra
26%
Chypre 101,000 Limassol
26%
Grèce 170,715 Le Pirée
25%
Finlande 235,239 Tampere
25%
Norvège 196,159 Trondheim
25%
Danemark 178,210 Odense
24%
Irlande 58,319 Limerick
23%
Slovénie 94,682 Maribor
23%
Suède 225,164 Uppsala
23%
Serbie 231,798 Novi Sad
22%
République tchèque 170,936 Plzeň
22%
Bulgarie 335,854 Varna
22%
Russie 1,612,833 Novossibirsk
21%
Moldavie 133,807 Tiraspol
21%
Bulgarie 345,213 Plovdiv
20%
Roumanie 319,279 Timișoara
20%
Hongrie 202,214 Debrecen
19%
Malte 20,551 Mosta
19%
Croatie 71,471 Zadar
19%
Luxembourg 35,382 Esch-sur-Alzette
18%
République tchèque 290,450 Ostrava
18%
Finlande 203,567 Oulu
18%
Bosnie-Herzégovine 60,195 Mostar
17%
Croatie 128,381 Rijeka
17%
Roumanie 283,872 Constanța
16%
Albanie 113,249 Durrës
16%
Slovaquie 239,095 Košice
15%
Chypre 51,468 Larnaca
15%
Serbie 183,164 Niš
15%
Grèce 164,741 Patras
14%
Kosovo 48,962 Peć
14%
Norvège 134,037 Stavanger
14%
Estonie 93,715 Tartu
14%
Bosnie-Herzégovine 135,059 Banja Luka
12%
Lettonie 83,250 Daugavpils
12%
Finlande 283,632 Espoo
12%
Roumanie 290,422 Iași
12%
Luxembourg 21,087 Dudelange
11%
Biélorussie 536,938 Homiel
11%
Lituanie 147,898 Klaipėda
11%
Hongrie 144,188 Pecs
11%
Irlande 48,369 Waterford
11%
Bulgarie 202,694 Bourgas
10%
Islande 18,769 Akureyri
9%
Suède 161,034 Linköping
9%
Liechtenstein 6,016 Schaan
9%
Albanie 79,513 Vlora
9%
Portugal 175,136 Amadora
8%
Andorre 7,733 Encamp
8%
Croatie 84,104 Osijek
8%
Hongrie 161,122 Szeged
8%
Macédoine du Nord 71,610 Bitola
7%
Estonie 39,375 Pärnu
7%
Albanie 76,000 Shköder
7%
Biélorussie 378,459 Vitebsk
7%
Slovaquie 80,978 Žilina
7%
Luxembourg 26,796 Differdange
6%
République tchèque 103,979 Liberec
6%
Estonie 56,103 Narva
6%
Bulgarie 144,125 Roussé
6%
Saint-Marin 4,802 Serravalle
6%
Portugal 186,502 Vila Nova de Gaia
6%
Malte 23,570 Birkirkara
5%
Albanie 78,703 Elbasan
5%
Danemark 72,398 Esbjerg
5%
Andorre 15,024 Escaldes-Engordany
5%
Biélorussie 373,547 Hrodna
5%
Islande 18,809 Keflavik og Njaðvik
5%
Kosovo 85,119 Prizren
5%
Bosnie-Herzégovine 74,457 Tuzla
5%
Finlande 228,166 Vantaa
5%
Moldavie 97,930 Bălți
4%
Slovénie 37,959 Celje
4%
Lettonie 56,383 Jelgava
4%
Lettonie 49,073 Jūrmala
4%
Slovénie 25,521 Koper
4%
Lettonie 69,180 Liepāja
4%
Hongrie 155,650 Miskolc
4%
Lituanie 100,119 Šiauliai
4%
Bosnie-Herzégovine 70,553 Zenica
4%
Liechtenstein 4,416 Eschen
3%
Slovénie 37,313 Kranj
3%
Andorre 5,449 La Massana
3%
Monténégro 56,970 Nikšić
3%
Luxembourg 19,154 Pétange
3%
Serbie 97,910 Subotica
3%
Macédoine du Nord 56,360 Tetovo
3%
Liechtenstein 5,201 Triesen
3%
Islande 7,463 Akranes
2%
Liechtenstein 4,594 Balzers
2%
Saint-Marin 2,394 Borgo Maggiore
2%
Monténégro 13,918 Cetinje
2%
Serbie 150,835 Kragujevac
2%
Macédoine du Nord 73,520 Kumanovo
2%
Biélorussie 383,313 Mahiliow
2%
Lituanie 87,148 Panevėžys
2%
Macédoine du Nord 64,540 Prilep
2%
Islande 8,068 Selfoss
2%
Norvège 126,841 Bærum
1%
Slovaquie 78,484 Banská Bystrica
1%
Saint-Marin 1,048 Domagnano
1%
Kosovo 54,239 Gjilan
1%
Estonie 34,394 Kohtla-Järve
1%
Kosovo 46,230 Mitrovicë
1%
Saint-Marin 1,549 Murata
1%
Monténégro 19,136 Pljevlja
1%
Malte 16,500 Qormi
1%
Moldavie 47,949 Rîbnița
1%
Malte 21,068 Sliema
1%
Chypre 67,904 Stróvolos
1%
Moldavie 91,882 Tighina
1%
Chypre 38,345 Lakatámeia
0%
Slovaquie 89,138 Prešnov
0%
Andorre 8,123 San Julià de Lòria
0%
Malte 26,133 San Pawl il-Baħar
0%
Aucun quiz correspondant
Distribution des résultats
% des personnes avec chaque résultat
Percentile par nombre de réponses
Votre historique - résultats
Vous n’avez pas pris ce quiz depuis la dernière actualisation